[Event "imp"]
[Site "?"]
[Date "2015.03.24"]
[Round "1.10"]
[White "Skawinski, Arkadiusz"]
[Black "Piorun, Kacper"]
[Result "0-1"]
[LiveChessVersion "1.4.4"]
[BlackElo "2528"]
[WhiteElo "2388"]

1. e4 {[%clk 1:30:59]} e6 {[%clk 1:30:37]} 2. d4 {[%clk 1:31:24]} d5
{[%clk 1:31:02]} 3. e5 {[%clk 1:31:52]} c5 {[%clk 1:31:25]} 4. c3
{[%clk 1:32:20]} Nc6 {[%clk 1:31:49]} 5. Nf3 {[%clk 1:32:46]} Qb6
{[%clk 1:32:12]} 6. a3 {[%clk 1:33:13]} f6 {[%clk 1:32:37]} 7. Bd3
{[%clk 1:33:39]} fxe5 {[%clk 1:32:57]} 8. dxe5 {[%clk 1:34:07]} c4
{[%clk 1:33:09]} 9. Bc2 {[%clk 1:34:36]} Nh6 {[%clk 1:33:31]} 10. O-O
{[%clk 1:35:04]} g6 {[%clk 1:33:54]} 11. Nbd2 {[%clk 1:31:42]} Ng4
{[%clk 1:27:45]} 12. b3 {[%clk 1:27:16]} cxb3 {[%clk 1:24:05]} 13. Bxb3
{[%clk 1:27:38]} Bg7 {[%clk 1:21:47]} 14. c4 {[%clk 1:22:12]} O-O
{[%clk 0:58:52]} 15. cxd5 {[%clk 1:05:42]} exd5 {[%clk 0:51:24]} 16. Bxd5+
{[%clk 1:02:24]} Kh8 {[%clk 0:51:22]} 17. Rb1 {[%clk 1:02:42]} Qc7
{[%clk 0:51:25]} 18. h3 {[%clk 0:53:29]} Ngxe5 {[%clk 0:50:47]} 19. Nxe5
{[%clk 0:53:42]} Nxe5 {[%clk 0:45:58]} 20. Nf3 {[%clk 0:51:00]} Nc4
{[%clk 0:29:07]} 21. Ng5 {[%clk 0:43:36]} Nb6 {[%clk 0:27:11]} 22. Ne6
{[%clk 0:41:04]} Bxe6 {[%clk 0:24:14]} 23. Bxe6 {[%clk 0:41:32]} Rae8
{[%clk 0:21:43]} 24. Qb3 {[%clk 0:40:02]} Qd6 {[%clk 0:17:51]} 25. Bg4
{[%clk 0:39:17]} Rxf2 {[%clk 0:15:21]} 26. Bb2 {[%clk 0:32:01]} Bxb2
{[%clk 0:14:05]} 27. Rxb2 {[%clk 0:31:03]} Rxf1+ {[%clk 0:14:27]} 28. Kxf1
{[%clk 0:31:30]} Nd5 {[%clk 0:10:30]} 29. Bf3 {[%clk 0:25:13]} Ne3+
{[%clk 0:10:22]} 30. Kg1 {[%clk 0:22:31]} Qd4 {[%clk 0:10:05]} 31. Kh1
{[%clk 0:21:05]} Nd1 {[%clk 0:05:29]} 32. Re2 {[%clk 0:14:27]} Rxe2
{[%clk 0:05:31]} 33. Bxe2 {[%clk 0:14:46]} Nf2+ {[%clk 0:05:21]} 34. Kh2
{[%clk 0:14:31]} Qe5+ {[%clk 0:05:01]} 35. Kg1 {[%clk 0:14:48]} Qxe2
{[%clk 0:03:50]} 36. Qc3+ {[%clk 0:13:04]} Kg8 {[%clk 0:04:19]} 37. Qc8+
{[%clk 0:13:27]} Kg7 {[%clk 0:04:46]} 38. Qc7+ {[%clk 0:11:17]} Kh6
{[%clk 0:02:39]} 39. Qf4+ {[%clk 0:11:38]} Kh5 {[%clk 0:02:19]} 40. Qc7
{[%clk 0:34:36]} h6 {[%clk 0:31:23]} 41. Qxb7 {[%clk 0:27:25]} Kh4
{[%clk 0:23:53]} 42. Qb4+ {[%clk 0:20:22]} Ne4 {[%clk 0:24:15]} 43. Qe7+
{[%clk 0:20:48]} g5 {[%clk 0:24:37]} 44. Qxa7 {[%clk 0:19:45]} Qd1+
{[%clk 0:24:17]} 45. Kh2 {[%clk 0:20:01]} Ng3 {[%clk 0:24:01]} 46. Qg1
{[%clk 0:20:23]} Nf1+ {[%clk 0:24:23]} 47. Kh1 {[%clk 0:20:39]} g4
{[%clk 0:23:42]} 48. hxg4 {[%clk 0:16:11]} Kg3 0-1

[Event "imp"]
[Site "?"]
[Date "2015.03.24"]
[Round "1.11"]
[White "Sadzikowski, Daniel"]
[Black "Przybylski, Wojciech"]
[Result "1-0"]
[LiveChessVersion "1.4.4"]
[BlackElo "2378"]
[WhiteElo "2500"]

1. Nf3 {[%clk 1:30:50]} Nf6 {[%clk 1:30:15]} 2. c4 {[%clk 1:31:05]} b6
{[%clk 1:29:40]} 3. g3 {[%clk 1:31:13]} e6 {[%clk 1:28:10]} 4. Bg2
{[%clk 1:31:37]} Bb7 {[%clk 1:28:29]} 5. d4 {[%clk 1:28:19]} Bb4+
{[%clk 1:25:41]} 6. Bd2 {[%clk 1:28:34]} Be7 {[%clk 1:25:20]} 7. Nc3
{[%clk 1:28:35]} O-O {[%clk 1:23:27]} 8. O-O {[%clk 1:27:20]} Ne4
{[%clk 1:17:21]} 9. Rc1 {[%clk 1:18:20]} d5 {[%clk 0:49:23]} 10. cxd5
{[%clk 1:13:23]} exd5 {[%clk 0:38:42]} 11. Bf4 {[%clk 0:56:00]} Nxc3
{[%clk 0:25:13]} 12. Rxc3 {[%clk 0:56:15]} c5 {[%clk 0:18:58]} 13. dxc5
{[%clk 0:50:48]} Bxc5 {[%clk 0:08:37]} 14. Ne5 {[%clk 0:34:05]} Na6
{[%clk 0:06:04]} 15. a3 {[%clk 0:32:31]} f6 {[%clk 0:03:49]} 16. Nf3
{[%clk 0:27:26]} Qd7 {[%clk 0:03:04]} 17. b4 {[%clk 0:27:05]} Be7
{[%clk 0:03:07]} 18. Nd4 {[%clk 0:21:43]} Rac8 {[%clk 0:01:51]} 19. Nc6
{[%clk 0:18:47]} Bxc6 {[%clk 0:00:48]} 20. Rxc6 {[%clk 0:18:42]} Rcd8
{[%clk 0:00:37]} 21. Rc3 {[%clk 0:16:01]} g5 {[%clk 0:00:41]} 22. Be3
{[%clk 0:14:30]} Nc7 {[%clk 0:00:58]} 23. Rd3 {[%clk 0:14:57]} Qe6
{[%clk 0:00:49]} 24. Qa4 {[%clk 0:14:30]} a6 {[%clk 0:00:36]} 25. Rc1
{[%clk 0:14:26]} b5 {[%clk 0:00:48]} 26. Qb3 {[%clk 0:13:19]} Qd7
{[%clk 0:00:34]} 27. Bb6 {[%clk 0:12:48]} Rc8 {[%clk 0:00:38]} 28. Rdc3
{[%clk 0:11:03]} Bd6 {[%clk 0:00:39]} 29. Bxd5+ {[%clk 0:09:11]} Kh8
{[%clk 0:01:01]} 30. Bb7 {[%clk 0:06:33]} Rb8 {[%clk 0:00:55]} 31. Rxc7
{[%clk 0:06:31]} Bxc7 {[%clk 0:00:57]} 32. Rxc7 {[%clk 0:06:58]} Qd2
{[%clk 0:00:33]} 33. Be4 {[%clk 0:05:10]} f5 {[%clk 0:00:55]} 34. Be3
{[%clk 0:04:36]} Qd6 {[%clk 0:00:47]} 35. Qc3+ {[%clk 0:04:56]} 1-0

[Event "imp"]
[Site "?"]
[Date "2015.03.25"]
[Round "2.1"]
[White "Tomczak, Jacek"]
[Black "Gajewski, Grzegorz"]
[Result "0-1"]
[LiveChessVersion "1.4.4"]
[BlackElo "2648"]
[WhiteElo "2554"]

1. e4 {[%clk 1:30:57]} c5 {[%clk 1:30:55]} 2. Nf3 {[%clk 1:31:18]} d6
{[%clk 1:31:20]} 3. d4 {[%clk 1:31:36]} cxd4 {[%clk 1:31:44]} 4. Nxd4
{[%clk 1:32:01]} Nf6 {[%clk 1:32:09]} 5. Nc3 {[%clk 1:32:24]} a6 {[%clk 1:32:34]}
6. Bc4 {[%clk 1:32:02]} e6 {[%clk 1:33:00]} 7. Bb3 {[%clk 1:32:24]} Nbd7
{[%clk 1:33:24]} 8. Bg5 {[%clk 1:32:04]} Be7 {[%clk 1:24:41]} 9. Bxe6
{[%clk 1:18:12]} fxe6 {[%clk 1:25:06]} 10. Nxe6 {[%clk 1:18:37]} Qa5
{[%clk 1:14:26]} 11. Nxg7+ {[%clk 1:17:43]} Kf8 {[%clk 1:13:34]} 12. Nf5
{[%clk 1:14:15]} Nb6 {[%clk 1:03:50]} 13. Bxf6 {[%clk 0:53:01]} Bxf6
{[%clk 1:03:44]} 14. Qxd6+ {[%clk 0:53:24]} Kf7 {[%clk 1:04:05]} 15. Qc7+
{[%clk 0:53:36]} Kf8 {[%clk 0:53:42]} 16. Qd6+ {[%clk 0:49:57]} Kf7
{[%clk 0:54:07]} 17. Qc7+ {[%clk 0:50:23]} Kf8 {[%clk 0:54:29]} 18. O-O
{[%clk 0:36:29]} Bxf5 {[%clk 0:48:11]} 19. Nd5 {[%clk 0:36:40]} Bd8
{[%clk 0:38:49]} 20. Qe5 {[%clk 0:35:33]} Bxe4 {[%clk 0:39:00]} 21. Qxh8+
{[%clk 0:34:58]} Kf7 {[%clk 0:39:24]} 22. Nxb6 {[%clk 0:33:57]} Qxb6
{[%clk 0:30:10]} 23. Qe5 {[%clk 0:16:24]} Qg6 {[%clk 0:27:42]} 24. f3
{[%clk 0:16:19]} Bc6 {[%clk 0:27:57]} 25. Rad1 {[%clk 0:12:42]} Bb6+
{[%clk 0:25:35]} 26. Kh1 {[%clk 0:13:07]} Re8 {[%clk 0:22:37]} 27. Qf4+
{[%clk 0:12:37]} Qf6 {[%clk 0:20:42]} 28. Qxf6+ {[%clk 0:12:15]} Kxf6
{[%clk 0:21:10]} 29. Rfe1 {[%clk 0:12:30]} Rc8 {[%clk 0:19:51]} 30. Rd3
{[%clk 0:09:23]} Bf2 {[%clk 0:18:34]} 31. Re2 {[%clk 0:08:10]} Bc5
{[%clk 0:19:02]} 32. b3 {[%clk 0:08:13]} Bb5 {[%clk 0:18:12]} 33. c4
{[%clk 0:08:32]} Bc6 {[%clk 0:18:41]} 34. a4 {[%clk 0:04:56]} a5 {[%clk 0:06:22]}
35. h4 {[%clk 0:03:37]} Rg8 {[%clk 0:05:31]} 36. Kh2 {[%clk 0:03:37]} h5
{[%clk 0:05:53]} 37. g3 {[%clk 0:03:00]} Kf5 {[%clk 0:04:27]} 38. Kh3
{[%clk 0:02:47]} Rg6 {[%clk 0:02:41]} 39. f4 {[%clk 0:00:54]} Be4
{[%clk 0:01:48]} 40. Rd7 {[%clk 0:30:46]} Re6 {[%clk 0:31:35]} 41. Rd8
{[%clk 0:21:21]} Bf3 {[%clk 0:28:07]} 42. Rxe6 {[%clk 0:16:44]} Kxe6
{[%clk 0:28:25]} 43. Rd3 {[%clk 0:11:50]} Be4 {[%clk 0:26:17]} 44. Rd2
{[%clk 0:11:17]} Bb4 {[%clk 0:25:05]} 45. Re2 {[%clk 0:10:56]} Kf5
{[%clk 0:25:30]} 46. Re3 {[%clk 0:10:30]} b6 {[%clk 0:22:00]} 47. Re2
{[%clk 0:10:19]} Bc5 {[%clk 0:22:00]} 48. Rd2 {[%clk 0:09:07]} Bf3
{[%clk 0:22:23]} 49. Rd8 {[%clk 0:08:05]} Ke4 {[%clk 0:22:35]} 50. Re8+
{[%clk 0:05:07]} Kd3 {[%clk 0:22:56]} 51. Re5 {[%clk 0:03:57]} Kc3
{[%clk 0:21:32]} 52. f5 {[%clk 0:03:30]} Kd4 {[%clk 0:21:40]} 53. Re8
{[%clk 0:00:57]} Bg4+ {[%clk 0:22:02]} 54. Kg2 {[%clk 0:01:25]} Bxf5
{[%clk 0:22:26]} 55. Kf3 {[%clk 0:01:38]} Bg4+ {[%clk 0:22:07]} 56. Kf4
{[%clk 0:01:54]} Kc3 {[%clk 0:21:01]} 57. Rg8 {[%clk 0:00:39]} Kxb3
{[%clk 0:19:21]} 0-1

[Event "imp"]
[Site "?"]
[Date "2015.03.25"]
[Round "2.2"]
[White "Bartel, Mateusz"]
[Black "Sadzikowski, Daniel"]
[Result "1-0"]
[LiveChessVersion "1.4.4"]
[BlackElo "2500"]
[WhiteElo "2627"]

1. e4 {[%clk 1:30:55]} c5 {[%clk 1:30:51]} 2. Nf3 {[%clk 1:31:17]} d6
{[%clk 1:31:18]} 3. d4 {[%clk 1:31:39]} cxd4 {[%clk 1:31:46]} 4. Nxd4
{[%clk 1:31:59]} Nf6 {[%clk 1:32:10]} 5. Nc3 {[%clk 1:32:21]} a6 {[%clk 1:32:38]}
6. Be3 {[%clk 1:32:44]} e5 {[%clk 1:33:04]} 7. Nb3 {[%clk 1:33:06]} Be6
{[%clk 1:33:21]} 8. h3 {[%clk 1:33:29]} Nc6 {[%clk 1:28:32]} 9. Nd5
{[%clk 1:19:57]} Rc8 {[%clk 1:28:51]} 10. Bb6 {[%clk 1:17:40]} Qd7
{[%clk 1:27:23]} 11. Nxf6+ {[%clk 1:18:02]} gxf6 {[%clk 1:27:50]} 12. c3
{[%clk 1:17:27]} f5 {[%clk 1:20:33]} 13. exf5 {[%clk 1:16:56]} Bxf5
{[%clk 1:20:44]} 14. Bd3 {[%clk 1:17:13]} Rg8 {[%clk 1:17:40]} 15. g4
{[%clk 1:15:58]} Ne7 {[%clk 1:03:12]} 16. Bxf5 {[%clk 1:10:43]} Qc6
{[%clk 0:57:44]} 17. Bxc8 {[%clk 1:09:24]} Qxh1+ {[%clk 0:58:02]} 18. Ke2
{[%clk 1:09:50]} Qe4+ {[%clk 0:53:48]} 19. Be3 {[%clk 1:10:07]} Nxc8
{[%clk 0:54:07]} 20. Qd3 {[%clk 1:10:33]} Qxd3+ {[%clk 0:53:20]} 21. Kxd3
{[%clk 1:10:53]} h5 {[%clk 0:53:07]} 22. g5 {[%clk 1:06:29]} f6 {[%clk 0:33:18]}
23. gxf6 {[%clk 1:05:41]} Kf7 {[%clk 0:33:46]} 24. Na5 {[%clk 1:05:20]} b6
{[%clk 0:34:11]} 25. Nc6 {[%clk 1:05:07]} Kxf6 {[%clk 0:25:22]} 26. Nb4
{[%clk 1:04:53]} Rg2 {[%clk 0:25:46]} 27. Nxa6 {[%clk 0:59:29]} Rh2
{[%clk 0:26:03]} 28. Nc7 {[%clk 0:57:55]} Rxh3 {[%clk 0:24:57]} 29. Kc4
{[%clk 0:58:18]} h4 {[%clk 0:14:35]} 30. a4 {[%clk 0:54:18]} Rf3 {[%clk 0:14:24]}
31. Rh1 {[%clk 0:53:57]} h3 {[%clk 0:14:15]} 32. Kd5 {[%clk 0:53:03]} Kf5
{[%clk 0:13:59]} 33. Kc6 {[%clk 0:53:27]} Ke4 {[%clk 0:07:31]} 34. Kd7
{[%clk 0:49:41]} 1-0

[Event "imp"]
[Site "?"]
[Date "2015.03.25"]
[Round "2.3"]
[White "Piorun, Kacper"]
[Black "Socko, Bartosz"]
[Result "1-0"]
[LiveChessVersion "1.4.4"]
[BlackElo "2623"]
[WhiteElo "2528"]

1. e4 {[%clk 1:30:55]} e5 {[%clk 1:30:55]} 2. Nf3 {[%clk 1:31:16]} Nf6
{[%clk 1:31:20]} 3. d4 {[%clk 1:23:27]} Nxe4 {[%clk 1:31:25]} 4. dxe5
{[%clk 1:23:48]} Bc5 {[%clk 1:31:05]} 5. Bc4 {[%clk 1:24:09]} Nxf2
{[%clk 1:28:32]} 6. Bxf7+ {[%clk 1:24:06]} Kxf7 {[%clk 1:28:42]} 7. Qd5+
{[%clk 1:24:26]} Kg6 {[%clk 1:28:47]} 8. Qxc5 {[%clk 1:22:04]} Nxh1
{[%clk 1:27:30]} 9. Nc3 {[%clk 1:19:33]} h6 {[%clk 1:24:09]} 10. Qc4
{[%clk 1:13:46]} Nc6 {[%clk 1:06:03]} 11. Nd5 {[%clk 0:55:18]} Re8
{[%clk 0:58:27]} 12. Qe4+ {[%clk 0:52:49]} Kf7 {[%clk 0:58:50]} 13. Bxh6
{[%clk 0:52:51]} Re6 {[%clk 0:41:15]} 14. Ng5+ {[%clk 0:49:07]} Qxg5
{[%clk 0:41:18]} 15. Bxg5 {[%clk 0:46:40]} Rxe5 {[%clk 0:41:41]} 16. Qxe5
{[%clk 0:47:07]} Nxe5 {[%clk 0:42:01]} 17. Nxc7 {[%clk 0:46:39]} Rb8
{[%clk 0:41:43]} 18. O-O-O {[%clk 0:41:34]} Nf2 {[%clk 0:40:24]} 19. Rf1
{[%clk 0:41:59]} Kg6 {[%clk 0:40:30]} 20. Be3 {[%clk 0:41:42]} b6
{[%clk 0:36:24]} 21. Bxf2 {[%clk 0:40:56]} Bb7 {[%clk 0:36:07]} 22. Bg3
{[%clk 0:40:39]} Ng4 {[%clk 0:34:45]} 23. Rd1 {[%clk 0:26:04]} Bc6
{[%clk 0:31:53]} 24. Nd5 {[%clk 0:25:26]} Re8 {[%clk 0:32:17]} 25. Nb4
{[%clk 0:25:32]} Nf6 {[%clk 0:28:12]} 26. Nxc6 {[%clk 0:25:36]} dxc6
{[%clk 0:28:37]} 27. Rd6 {[%clk 0:21:26]} c5 {[%clk 0:27:52]} 28. Rc6
{[%clk 0:15:38]} Re2 {[%clk 0:28:00]} 29. Bb8 {[%clk 0:15:50]} Rxg2
{[%clk 0:20:33]} 30. b3 {[%clk 0:15:25]} Kf5 {[%clk 0:18:12]} 31. Bxa7
{[%clk 0:15:34]} Ne4 {[%clk 0:13:54]} 32. Bxb6 {[%clk 0:15:22]} Ke5
{[%clk 0:10:42]} 33. a4 {[%clk 0:13:41]} Kd5 {[%clk 0:10:41]} 34. Rc8
{[%clk 0:10:05]} Kd4 {[%clk 0:05:39]} 35. Kb2 {[%clk 0:10:22]} Rxh2
{[%clk 0:05:38]} 36. a5 {[%clk 0:10:42]} Rh6 {[%clk 0:05:46]} 37. Rb8
{[%clk 0:08:29]} Nf2 {[%clk 0:04:11]} 38. a6 {[%clk 0:07:30]} Nd1+
{[%clk 0:04:25]} 39. Ka3 {[%clk 0:07:51]} Nc3 {[%clk 0:04:49]} 40. a7
{[%clk 0:37:44]} Nb5+ {[%clk 0:35:13]} 41. Kb2 {[%clk 0:38:05]} 1-0

[Event "imp"]
[Site "?"]
[Date "2015.03.25"]
[Round "2.4"]
[White "Brodowski, Piotr"]
[Black "Olszewski, Michal"]
[Result "1/2-1/2"]
[LiveChessVersion "1.4.4"]
[BlackElo "2567"]
[WhiteElo "2435"]

1. c4 {[%clk 1:30:57]} e5 {[%clk 1:30:55]} 2. Nc3 {[%clk 1:31:19]} Bb4
{[%clk 1:31:12]} 3. g3 {[%clk 1:28:13]} Bxc3 {[%clk 1:31:24]} 4. dxc3
{[%clk 1:27:34]} d6 {[%clk 1:30:55]} 5. e4 {[%clk 1:27:34]} Nc6 {[%clk 1:31:18]}
6. Bg2 {[%clk 1:27:56]} Nge7 {[%clk 1:31:10]} 7. Nf3 {[%clk 1:24:59]} Be6
{[%clk 1:30:46]} 8. b3 {[%clk 1:20:43]} f6 {[%clk 1:29:05]} 9. Nh4
{[%clk 1:10:48]} Qd7 {[%clk 1:25:38]} 10. Be3 {[%clk 0:57:59]} O-O
{[%clk 1:16:09]} 11. h3 {[%clk 0:56:07]} a6 {[%clk 1:11:35]} 12. Qe2
{[%clk 0:51:45]} Rfd8 {[%clk 0:50:19]} 13. Rd1 {[%clk 0:49:44]} Qe8
{[%clk 0:49:35]} 14. Rd2 {[%clk 0:47:39]} b5 {[%clk 0:40:50]} 15. cxb5
{[%clk 0:42:56]} axb5 {[%clk 0:40:21]} 16. Qxb5 {[%clk 0:41:58]} Ra5
{[%clk 0:40:05]} 17. Qe2 {[%clk 0:41:36]} d5 {[%clk 0:37:31]} 18. O-O
{[%clk 0:38:15]} dxe4 {[%clk 0:27:03]} 19. Rxd8 {[%clk 0:35:26]} Nxd8
{[%clk 0:27:27]} 20. Bxe4 {[%clk 0:35:45]} g5 {[%clk 0:26:22]} 21. Nf3
{[%clk 0:31:12]} Nf7 {[%clk 0:22:36]} 22. Rd1 {[%clk 0:24:14]} Nd6
{[%clk 0:22:49]} 23. Bb1 {[%clk 0:24:33]} Bxh3 {[%clk 0:21:49]} 24. b4
{[%clk 0:20:37]} Rd5 {[%clk 0:20:13]} 25. Bc5 {[%clk 0:17:10]} Rxd1+
{[%clk 0:17:56]} 26. Qxd1 {[%clk 0:17:38]} Qc6 {[%clk 0:18:18]} 27. Ne1
{[%clk 0:17:57]} Bc8 {[%clk 0:12:43]} 28. a4 {[%clk 0:16:46]} Kg7
{[%clk 0:12:11]} 29. Qh5 {[%clk 0:14:01]} Ng6 {[%clk 0:12:18]} 30. Qd1
{[%clk 0:06:30]} Bb7 {[%clk 0:10:30]} 31. Kf1 {[%clk 0:04:59]} Nf8
{[%clk 0:07:59]} 32. a5 {[%clk 0:02:27]} Ne6 {[%clk 0:06:53]} 33. Bxd6
{[%clk 0:01:51]} cxd6 {[%clk 0:07:18]} 34. Bf5 {[%clk 0:01:18]} Nf8
{[%clk 0:05:38]} 35. f3 {[%clk 0:01:06]} h5 {[%clk 0:05:28]} 36. Kf2
{[%clk 0:01:21]} Ng6 {[%clk 0:04:54]} 37. Bxg6 {[%clk 0:01:03]} Kxg6
{[%clk 0:05:23]} 38. Qd3+ {[%clk 0:01:29]} f5 {[%clk 0:05:40]} 39. c4
{[%clk 0:01:41]} g4 {[%clk 0:05:38]} 40. fxg4 {[%clk 0:31:53]} hxg4
{[%clk 0:35:57]} 41. Qd2 {[%clk 0:26:30]} Qc7 {[%clk 0:29:31]} 42. Ng2
{[%clk 0:24:31]} Kh5 {[%clk 0:29:04]} 43. Qc1 {[%clk 0:20:46]} Qc6
{[%clk 0:28:30]} 44. Qh1+ {[%clk 0:21:03]} Kg5 {[%clk 0:28:54]} 45. Qc1+
{[%clk 0:21:19]} Kh5 {[%clk 0:20:42]} 1/2-1/2

[Event "imp"]
[Site "?"]
[Date "2015.03.25"]
[Round "2.5"]
[White "Dragun, Kamil"]
[Black "Klekowski, Maciej"]
[Result "1/2-1/2"]
[LiveChessVersion "1.4.4"]
[BlackElo "2434"]
[WhiteElo "2558"]

1. d4 {[%clk 1:30:58]} Nf6 {[%clk 1:30:53]} 2. c4 {[%clk 1:31:22]} e6
{[%clk 1:31:15]} 3. Nf3 {[%clk 1:31:47]} b6 {[%clk 1:31:01]} 4. g3
{[%clk 1:32:07]} Ba6 {[%clk 1:29:55]} 5. Qa4 {[%clk 1:32:28]} Bb7
{[%clk 1:26:18]} 6. Bg2 {[%clk 1:32:45]} c5 {[%clk 1:19:31]} 7. dxc5
{[%clk 1:33:03]} Bxc5 {[%clk 1:16:59]} 8. O-O {[%clk 1:33:00]} O-O
{[%clk 1:14:37]} 9. Nc3 {[%clk 1:33:25]} Ne4 {[%clk 1:08:20]} 10. Nxe4
{[%clk 1:29:37]} Bxe4 {[%clk 1:08:32]} 11. Rd1 {[%clk 1:29:57]} Qf6
{[%clk 0:57:35]} 12. Qb3 {[%clk 1:02:55]} Nc6 {[%clk 0:51:51]} 13. Bd2
{[%clk 1:03:13]} d5 {[%clk 0:39:51]} 14. Be1 {[%clk 0:48:04]} dxc4
{[%clk 0:31:46]} 15. Qxc4 {[%clk 0:47:54]} Bxf3 {[%clk 0:32:12]} 16. exf3
{[%clk 0:44:31]} Qxb2 {[%clk 0:32:15]} 17. Rab1 {[%clk 0:44:02]} Qf6
{[%clk 0:32:35]} 18. f4 {[%clk 0:38:58]} Rac8 {[%clk 0:32:41]} 19. Bc3
{[%clk 0:35:43]} Qe7 {[%clk 0:32:21]} 20. Qa4 {[%clk 0:34:35]} Nb8
{[%clk 0:30:26]} 21. Rd3 {[%clk 0:33:26]} Rfd8 {[%clk 0:28:01]} 22. Rbd1
{[%clk 0:33:55]} a5 {[%clk 0:27:28]} 23. Qb5 {[%clk 0:25:15]} Rxd3
{[%clk 0:21:56]} 24. Qxd3 {[%clk 0:25:25]} Nc6 {[%clk 0:20:48]} 25. Qa6
{[%clk 0:25:16]} Rd8 {[%clk 0:18:09]} 26. Rxd8+ {[%clk 0:24:55]} Nxd8
{[%clk 0:18:38]} 27. Qc8 {[%clk 0:24:47]} Qd6 {[%clk 0:18:03]} 28. Bf3
{[%clk 0:24:07]} Qd3 {[%clk 0:18:02]} 29. Kg2 {[%clk 0:24:11]} Qxc3
{[%clk 0:10:59]} 30. Qxd8+ {[%clk 0:24:07]} Bf8 {[%clk 0:11:26]} 31. Qxb6
{[%clk 0:24:28]} g6 {[%clk 0:09:34]} 32. Qb3 {[%clk 0:24:50]} Qd2
{[%clk 0:07:51]} 33. Qc4 {[%clk 0:24:51]} Kg7 {[%clk 0:06:09]} 34. Qe2
{[%clk 0:25:05]} Qxe2 {[%clk 0:06:36]} 35. Bxe2 {[%clk 0:25:26]} a4
{[%clk 0:07:04]} 36. Bb5 {[%clk 0:25:21]} a3 {[%clk 0:07:30]} 37. Kf3
{[%clk 0:25:45]} Bc5 {[%clk 0:07:53]} 38. h3 {[%clk 0:26:04]} h5 {[%clk 0:08:20]}
39. h4 {[%clk 0:26:26]} Kf6 {[%clk 0:08:47]} 40. Be8 {[%clk 0:56:45]} Ke7
{[%clk 0:39:13]} 41. Bb5 {[%clk 0:57:08]} 1/2-1/2

[Event "imp"]
[Site "?"]
[Date "2015.03.25"]
[Round "2.6"]
[White "Swiercz, Dariusz"]
[Black "Duda, Jan-Krzysztof"]
[Result "1/2-1/2"]
[LiveChessVersion "1.4.4"]
[BlackElo "2597"]
[WhiteElo "2622"]

1. e4 {[%clk 1:30:57]} e5 {[%clk 1:30:06]} 2. Nf3 {[%clk 1:31:07]} Nc6
{[%clk 1:30:26]} 3. Bb5 {[%clk 1:31:32]} a6 {[%clk 1:30:20]} 4. Ba4
{[%clk 1:31:48]} Nf6 {[%clk 1:30:28]} 5. O-O {[%clk 1:29:09]} Be7
{[%clk 1:30:18]} 6. d3 {[%clk 1:26:48]} b5 {[%clk 1:29:46]} 7. Bb3
{[%clk 1:27:16]} d6 {[%clk 1:27:39]} 8. a3 {[%clk 1:16:25]} Be6 {[%clk 1:20:23]}
9. Nbd2 {[%clk 1:14:45]} O-O {[%clk 1:18:35]} 10. Re1 {[%clk 1:14:52]} Qd7
{[%clk 1:15:55]} 11. Bxe6 {[%clk 0:56:19]} fxe6 {[%clk 1:15:29]} 12. Nf1
{[%clk 0:56:41]} Nd8 {[%clk 1:02:18]} 13. b4 {[%clk 0:52:20]} Nf7
{[%clk 1:01:09]} 14. Ng3 {[%clk 0:41:49]} Qc6 {[%clk 0:57:58]} 15. Bd2
{[%clk 0:39:36]} Nd7 {[%clk 0:56:48]} 16. Rc1 {[%clk 0:34:07]} Nb6
{[%clk 0:55:04]} 17. Qe2 {[%clk 0:34:17]} Qd7 {[%clk 0:50:50]} 18. c4
{[%clk 0:32:52]} Na4 {[%clk 0:46:44]} 19. Nf1 {[%clk 0:27:17]} c5
{[%clk 0:42:43]} 20. Ne3 {[%clk 0:18:27]} Rac8 {[%clk 0:24:54]} 21. Nd1
{[%clk 0:15:57]} bxc4 {[%clk 0:19:35]} 22. dxc4 {[%clk 0:15:45]} Bd8
{[%clk 0:19:45]} 23. Nc3 {[%clk 0:10:37]} Bb6 {[%clk 0:17:22]} 24. Nxa4
{[%clk 0:11:02]} Qxa4 {[%clk 0:17:43]} 25. Qd3 {[%clk 0:11:30]} Rc7
{[%clk 0:13:19]} 26. Be3 {[%clk 0:10:17]} Qc6 {[%clk 0:11:18]} 27. Red1
{[%clk 0:09:34]} h6 {[%clk 0:10:00]} 28. h3 {[%clk 0:08:51]} Ra8 {[%clk 0:08:09]}
29. Ne1 {[%clk 0:07:12]} Rb7 {[%clk 0:08:14]} 30. Nc2 {[%clk 0:06:41]} Qc7
{[%clk 0:06:59]} 31. Qe2 {[%clk 0:02:59]} Rc8 {[%clk 0:05:44]} 32. Qg4
{[%clk 0:02:10]} Qe7 {[%clk 0:05:10]} 33. Rd3 {[%clk 0:01:10]} cxb4
{[%clk 0:02:35]} 34. Nxb4 {[%clk 0:01:38]} Bxe3 {[%clk 0:02:22]} 35. Rxe3
{[%clk 0:02:08]} Rbc7 {[%clk 0:02:31]} 36. Rec3 {[%clk 0:01:31]} a5
{[%clk 0:02:26]} 37. Nd3 {[%clk 0:01:55]} Kh7 {[%clk 0:01:21]} 38. Qe2
{[%clk 0:01:14]} Nd8 {[%clk 0:00:51]} 39. c5 {[%clk 0:00:54]} dxc5
{[%clk 0:00:41]} 40. Nxe5 {[%clk 0:31:11]} Nc6 {[%clk 0:30:41]} 41. Nxc6
{[%clk 0:23:32]} Rxc6 {[%clk 0:30:57]} 42. Rc4 {[%clk 0:23:38]} Qg5
{[%clk 0:24:15]} 43. e5 {[%clk 0:16:31]} Qf5 {[%clk 0:20:56]} 44. Qe1
{[%clk 0:09:25]} Rb6 {[%clk 0:16:30]} 45. Rxc5 {[%clk 0:02:24]} Rxc5
{[%clk 0:16:11]} 46. Rxc5 {[%clk 0:02:52]} Rb1 {[%clk 0:16:15]} 47. Rc1
{[%clk 0:03:19]} Rxc1 {[%clk 0:16:36]} 48. Qxc1 {[%clk 0:03:46]} Qxe5
{[%clk 0:16:58]} 1/2-1/2